Svenska fotbollslag i europeiska grupp- och seriespel - Statistics

General Stats
  • This quiz has been taken 89 times
    41 since last reset
  • The average score is 8 of 9
Answer Stats
Antal gruppspel Lag % Correct
CoL × 2 Djurgårdens IF
100%
CL × 2; UC/EL × 5 Malmö FF
100%
CL × 1; UC/EL × 1 AIK
97%
CL × 4 IFK Göteborg
97%
UC/EL × 2 IF Elfsborg
90%
UC/EL × 1 Östersunds FK
77%
EL × 1; CoL × 1 BK Häcken
71%
CL × 1; UC/EL × 2 Helsingborgs IF
68%
UC/EL × 1 Halmstads BK
52%
No matching quizzes found
Score Distribution
Percent of People with Each Score
Percentile by Number Answered
Your Score History
You have not taken this quiz since the last reset